000 00531nam a2200217Ia 4500
003 OSt
005 20220928140631.0
006 a|||||r|||| 00| 0
007 ta
008 220927b |||||||| |||| 00| 0 eng d
024 _a10266
037 _cTextual
040 _aSDCL
_cSDCL
_beng
041 _2eng
_aeng
082 _aO-,3N181:g, M5
100 _aKavangh James H
_9496438
245 0 _aEmily Bronte.
260 _c1985
942 _hO-,3N181:g, M5
_cTEXL
_2CC
999 _c812788
_d812788